| 000 | 00703cab a2200253 4500 | ||
|---|---|---|---|
| 001 | ABS44767 | ||
| 008 | 090401t1991 xxu||||| |||| 00| 0 eng d | ||
| 035 | _a(Sirsi) u48974 | ||
| 041 | _aeng | ||
| 100 | _aMason, P. | ||
| 245 | _aNew slurry, silage and fuel regulations | ||
| 260 | _c1991 | ||
| 350 | _a0 | ||
| 490 |
_aFarm Buildings Association Journal _v(39) April 1991, 23-26(4) |
||
| 520 | _aReviews the Slurry, silage and fuel regulations analysing what they will mean in practice to farmers. | ||
| 650 | _aFARM POLLUTION | ||
| 650 | _aFARM WASTE | ||
| 650 | _aFARMING | ||
| 650 | _aPOLLUTION | ||
| 650 | _aSILOS | ||
| 690 | _aRURAL PRACTICE | ||
| 942 | _n0 | ||
| 948 | _c04/03/1997 | ||
| 999 |
_c30709 _d30709 |
||